[Event "El Vendrell op 3rd"]
[Site "El Vendrell"]
[Date "2023.07.15"]
[Round "3"]
[White "Pescador Serrano, Javier"]
[Black "Delgado Romero, Marco"]
[Result "0-1"]
[WhiteElo "1980"]
[BlackElo "2243"]
[PlyCount "76"]
[EventDate "2023.07.15"]
[EventType "swiss (rapid)"]
[EventRounds "9"]
[EventCountry "ESP"]
[SourceTitle "CBM 215 Extra"]
[Source "ChessBase"]
[SourceDate "2023.09.30"]
[SourceVersion "1"]
[SourceVersionDate "2023.09.30"]
[SourceQuality "1"]

1. d4 Nf6 2. Bg5 Ne4 3. Bf4 c5 4. dxc5 Qa5+ 5. Nd2 Nxd2 6. Qxd2 Qxc5 7. e3 Nc6 8. Nf3 g6 9. Be2 Bg7 10. c3 0-0 11. 0-0 d5 12. Rfd1 e5 13. Bg5 f6 14. Bh4 Be6 15. a4 a5 16. Rab1 g5 17. Bg3 Rfd8 18. b4 Qe7 19. b5 Na7 20. c4 b6 21. Qa2 Qc5 22. Rbc1 dxc4 23. Nd2 Rac8 24. Ne4 Qe7 25. Rxd8+ Qxd8 26. Rd1 Qc7 27. Nc3 Qc5 28. e4 Qb4 29. Qc2 Qb3 30. Qd2 Bf8 31. Rb1 Qa3 32. Qc2 Bc5 33. Kf1 Kg7 34. f3 Bd4 35. Be1 h5 36. Rc1 Rc7 37. Nd5 Bxd5 38. exd5 Qe3 0-1

[Event "Tarragona Province-chA"]
[Site "Tarragona"]
[Date "2008.05.31"]
[Round "7"]
[White "Pescador Serrano, Javier"]
[Black "Belles Garcia, Vicente"]
[Result "0-1"]
[WhiteElo "1978"]
[BlackElo "2133"]
[PlyCount "44"]
[EventDate "2008.04.19"]
[EventType "swiss"]
[EventRounds "8"]
[EventCountry "ESP"]
[SourceTitle "EXT 2019"]
[Source "ChessBase"]
[SourceDate "2018.10.10"]
[SourceVersion "1"]
[SourceVersionDate "2018.10.10"]
[SourceQuality "1"]

1. d4 Nf6 2. c4 e6 3. Nc3 Bb4 4. Qc2 b6 5. a3 Bxc3+ 6. Qxc3 Bb7 7. Nf3 c5 8. e3 0-0 9. Be2 Nc6 10. b3 Rc8 11. Bb2 cxd4 12. exd4 d5 13. 0-0 Ne4 14. Qe3 Ne7 15. Rfd1 Nf5 16. Qf4 Qf6 17. Ne5 Nxd4 18. Qe3 Nc2 19. Qd3 Qxf2+ 20. Kh1 dxc4 21. Nxc4 Nxa1 22. Bf3 Qxb2 0-1